Comparative study of external debt servicing problems of Brazil and India, lesso (Record no. 11768)

MARC details
000 -LEADER
fixed length control field 00327nam a2200121Ia 4500
082 ## - DEWEY DECIMAL CLASSIFICATION NUMBER
Classification number RL.0016
100 ## - MAIN ENTRY--AUTHOR NAME
Personal name Lakshman, U.N.
245 #0 - TITLE STATEMENT
Title Comparative study of external debt servicing problems of Brazil and India, lesso
260 ## - PUBLICATION, DISTRIBUTION, ETC. (IMPRINT)
Year of publication 1989
300 ## - PHYSICAL DESCRIPTION
Number of Pages 457p.+bib.
942 ## - ADDED ENTRY ELEMENTS (KOHA)
Koha item type Books
Holdings
Withdrawn status Lost status Damaged status Not for loan Home library Current library Date acquired Bill Date Full call number Accession Number Price effective from Koha item type
        NASSDOC Library NASSDOC Library 08/10/2004 2004-10-22 RL.0016 29131 18/04/2019 Books